| 000 | 00946cam a2200277M 4500 | ||
|---|---|---|---|
| 001 | 4688970 | ||
| 005 | 20150720125640.0 | ||
| 008 | 900615s1968 nyu 000 0 eng d | ||
| 035 | _a(OCoLC)ocm22068667 | ||
| 035 | _a(NNC)4688970 | ||
| 040 |
_aNYP _cNYP |
||
| 041 | 1 |
_aeng _hger |
|
| 050 | 0 |
_aPT2671.I6 _bI513 |
|
| 098 | _aBX4 | ||
| 100 | 1 |
_aKipphardt, Heinar, _d1922-1982. _918446 |
|
| 245 | 1 | 0 |
_aIn the matter of J. Robert Oppenheimer; _ba play freely adapted, on the basis of the documents, _cby Heinar Kipphardt; translated by Ruth Speirs. |
| 260 |
_aNew York, _bHill and Wang _c[1968] |
||
| 300 |
_a127 p. ; _c21 cm. |
||
| 490 | 1 | _aA Spotlight dramabook | |
| 500 | _aTranslation of: In der Sache J. Robert Oppenheimer. | ||
| 500 | _a"First Dramabook edition December 1968." | ||
| 600 | 1 | 0 |
_aOppenheimer, J. Robert, _d1904-1967 _vDrama. _918447 |
| 830 | 0 |
_aSpotlight dramabook. _918448 |
|
| 942 |
_2lcc _cMONOGRAPH |
||
| 999 |
_c123013 _d123013 |
||